| 000 | 01363nam0a22003251 4500 | ||
|---|---|---|---|
| 001 | v19\rc\1418106 | ||
| 005 | 20250618110701.0 | ||
| 035 | _a(NLR Aleph) 004545406 | ||
| 090 |
_a2066073 _c2066073 |
||
| 100 | _a20060512e18821882|||y0rusy50 ca | ||
| 101 | 0 | _arus | |
| 102 | _aRU | ||
| 105 | _aa z ||||| | ||
| 200 | 1 |
_aСоставление первого русского руководства по церковной археологии _f[Соч.] (Действ. чл. К.Т. Никольского) |
|
| 210 |
_a[Санкт-Петербург] _cтип. Имп. Акад. наук _d[1882] |
||
| 215 |
_a38 с., 1 л. табл. _d24 |
||
| 309 | _aБез тит. л. и обл. | ||
| 311 | _aОтт. из "Изв. Рус. археол. о-ва". 1882, т. 10, вып. 2 | ||
| 488 | 0 |
_12001#$aИзвестия Русского археологического общества$v1882, т. 10, вып. 2 _tИзвестия Русского археологического общества |
|
| 700 | 1 |
_aНикольский _bК.Т. _f1824-1910 _gКонстантин Тимофеевич |
|
| 801 | 0 |
_aRU _bNLR _gpsbo |
|
| 801 | 0 |
_aRU _bRuMoRGB _2psbo |
|
| 801 | 1 |
_aRU _bProSoft-M _2rusmarc |
|
| 852 |
_aNLR _j18.156.3.245 |
||
| 899 | _aБАН | ||
| 899 | _aНБ СПбГУ | ||
| 899 | _aГПИБ | ||
| 899 |
_aRuMoRGB _jT 16/350 |
||
| 942 | _cBOOK | ||
| 980 | _aNB | ||